Associe la plat à son pays d'origine. - Statistiques

Statistiques générales
  • Ce quiz a été pris 95 fois
  • Le résultat moyen est 10 sur 15
Statistiques - réponses
Question Réponse % Correct
Kebab Turquie
97%
Tortilla Mexique
96%
Sushi Japon
93%
Pot-au-feu France
90%
Poutine Canada
86%
Gazpacho Espagne
86%
Merguez Tunisie
86%
Canard laqué Chine
82%
Houmous Israël
67%
Macaroni au fromage USA
60%
Riz Jolof Nigeria
48%
Attiéké Côte d'Ivoire
42%
Bortsh Ukraine
39%
Muesli Suisse
30%
Pavlova Nouvelle-Zélande
8%
Aucun quiz correspondant
Distribution des résultats
% des personnes avec chaque résultat
Percentile par nombre de réponses
Votre historique - résultats
Vous n’avez pas pris ce quiz